Community development in India's industry urban areas (Record no. 1445419)

MARC details
000 -LEADER
fixed length control field 00635nam a2200205Ia 4500
005 - DATE AND TIME OF LATEST TRANSACTION
control field 20250923144947.0
008 - FIXED-LENGTH DATA ELEMENTS--GENERAL INFORMATION
fixed length control field 008 250917s9999 xx 000 0 eng d
037 ## - SOURCE OF ACQUISITION
Stock number Textual
040 ## - CATALOGING SOURCE
Original cataloging agency DSWL
Language of cataloging eng
Transcribing agency DSWL
041 ## - LANGUAGE CODE
Language code of text/sound track or separate title eng
Source of code eng
084 ## - COLON CLASSIFICATION NUMBER
Classification number Y133:7:7.2, J81
Assigning agency DSWL
100 ## - MAIN ENTRY--PERSONAL NAME
Personal name Alter, J.P.
9 (RLIN) 830301
245 #0 - TITLE STATEMENT
Title Community development in India's industry urban areas
Statement of responsibility, etc. by J.P. Alter
260 ## - PUBLICATION, DISTRIBUTION, ETC.
Place of publication, distribution, etc. Banglore
Name of publisher, distributor, etc. Committee for Literature on Social Concerns Bonglore
Date of publication, distribution, etc. 1958
300 ## - PHYSICAL DESCRIPTION
Extent VIII,151 p.
365 ## - TRADE PRICE
Price type code INR
Price amount 4.00
925 ## -
-- 4.00
942 ## - ADDED ENTRY ELEMENTS (KOHA)
Koha item type Textual
Classification part Y133:7:7.2, J81
Holdings
Withdrawn status Lost status Damaged status Not for loan Home library Current library Date acquired Source of acquisition Total Checkouts Full call number Barcode Date last seen Price effective from Koha item type
        Department of Social Work Library Department of Social Work Library 2025-09-23 ISPCK   Y133:7:7.2, J81 SW0010539 2025-09-23 2025-09-23 Textual
Copyright @ Delhi University Library System